000 00400nam a22001937a 4500
003 UA-OsUOA
001 6122
007 ta
008 20050721b un ||||| |||| 00| 0 ukr d
100 _aGill
700 _aJ.L.
700 _aNewell
700 _aL.H.
942 _cBK
040 _aUA-OsUOA
_cUA-OsUOA
_dUA-OsUOA
245 _aProse for Senior Students.
_bReading
955 _a2
650 7 _2UDC
999 _c292284
_d292284